000 00435nam a2200181Ia 4500
005 20240823010041.0
008 240823s9999||||xx |||||||||||||| ||und||
041 _aENGLISH
082 _A621.319 N9
100 _aPadiyar K R
245 0 _aHVDC Power Transmission Systems
250 _a1st
260 _c1999
_b"New Age,New Delhi"
500 _aTRANSFERED
650 _aHigh Voltage
_bElectrical
942 _cBK
999 _c157493
_d157493